| 000 | 00319nam a22000977a 4500 | ||
|---|---|---|---|
| 008 | 150728b xxu||||| |||| 00| 0 eng d | ||
| 010 | _8HCCRS ARF:040 | ||
| 245 | _aHIGH COURT CRIMINAL SESSION NO.125 OF 1991 Uganda Vs Madalena Ogavuru | ||
| 260 | _aHigh Court Kampala | ||
| 500 | _3BEFORE:The Honourable Mr.Justice L.J.O.Ongom | ||
| 999 |
_c8309 _d8309 |
||